书目信息 |
| 题名: |
给水排水工程结构
|
|
| 作者: | 廖莎 , 余瑜 , 姬淑艳 编著 | |
| 分册: | ||
| 出版信息: | 北京 中国建筑工业出版社 2006.11 |
|
| 页数: | 410页 | |
| 开本: | 28cm | |
| 丛书名: | ||
| 单 册: | ||
| 中图分类: | TU991 | |
| 科图分类: | ||
| 主题词: | 给水工程--gei shui gong cheng--工程结构--高等学校--教材 , 排水工程--pai shui gong cheng--工程结构--高等学校--教材 | |
| 电子资源: | ||
| ISBN: | 978-7-112-08582-8 | |
| 000 | 01187nam0 2200301 450 | |
| 001 | 0940838634 | |
| 005 | 20090615124046.68 | |
| 010 | @a978-7-112-08582-8@dCNY35.00 | |
| 100 | @a20080113d2006 em y0chiy0120 ea | |
| 101 | 0 | @achi |
| 102 | @aCN@b110000 | |
| 105 | @aak a 000yy | |
| 200 | 1 | @a给水排水工程结构@Agei shui pai shui gong cheng jie gou@f廖莎 ... [等] 编著@Fliao sha...[deng]bian zhu |
| 205 | @a第2版 | |
| 210 | @a北京@c中国建筑工业出版社@d2006.11 | |
| 215 | @a410页@c图@d28cm | |
| 300 | @a高等学校给水排水工程专业规划教材 | |
| 304 | @a题名页题: 廖莎, 余瑜, 姬淑艳, 武军编著 | |
| 320 | @a有书目 (第410页) | |
| 330 | @a本书共九章,内容包括:钢筋和混凝土的力学性能,钢筋混凝土结构的基本计算原则,钢筋混凝土受弯、受压、受拉承载力计算,裂缝与变形计算,钢筋混凝土梁板结构设计,钢筋混凝土柱下基础设计,钢筋混凝土水池设计等。 | |
| 606 | 0 | @a给水工程@Agei shui gong cheng@x工程结构@x高等学校@j教材 |
| 606 | 0 | @a排水工程@Apai shui gong cheng@x工程结构@x高等学校@j教材 |
| 690 | @aTU991@v4 | |
| 701 | 0 | @a廖莎@Aliao sha@4编著 |
| 701 | 0 | @a余瑜@Ayu yu@4编著 |
| 701 | 0 | @a姬淑艳@Aji shu yan@4编著 |
| 801 | 0 | @aCN@bQSSK@c20090615 |
| 905 | @b277659-61@dTU991@eL469@f3 | |
| 给水排水工程结构/廖莎 ... [等] 编著.-第2版.-北京:中国建筑工业出版社,2006.11 |
| 410页:图;28cm |
| 高等学校给水排水工程专业规划教材 |
| ISBN 978-7-112-08582-8:CNY35.00 |
| 本书共九章,内容包括:钢筋和混凝土的力学性能,钢筋混凝土结构的基本计算原则,钢筋混凝土受弯、受压、受拉承载力计算,裂缝与变形计算,钢筋混凝土梁板结构设计,钢筋混凝土柱下基础设计,钢筋混凝土水池设计等。 |
| ● |
| 相关链接 |
|
|
|
正题名:给水排水工程结构
索取号:TU991/L469
 
预约/预借
| 序号 | 登录号 | 条形码 | 馆藏地/架位号 | 状态 | 备注 |
| 1 | 468886 | 204688864 | 市政与环境工程学院资料室/101建筑库 94排2列2层/ [索取号:TU991/L469] | 在馆 |